<?xml version="1.0" encoding="UTF-8"?>
<record
    xmlns:xsi="http://www.w3.org/2001/XMLSchema-instance"
    xsi:schemaLocation="http://www.loc.gov/MARC21/slim http://www.loc.gov/standards/marcxml/schema/MARC21slim.xsd"
    xmlns="http://www.loc.gov/MARC21/slim">

  <leader>02643nam2a2200325   4500</leader>
  <controlfield tag="001">RU\NLR\BIBL_A\012779059</controlfield>
  <controlfield tag="005">20220707160551.0</controlfield>
  <datafield tag="010" ind1=" " ind2=" ">
    <subfield code="a">978-5-6045949-2-6</subfield>
    <subfield code="9">300</subfield>
  </datafield>
  <datafield tag="021" ind1=" " ind2=" ">
    <subfield code="a">RU</subfield>
    <subfield code="b">&#x41A;&#x41D;-&#x41F;-22-005900</subfield>
    <subfield code="9">&#x41A;&#x41D;-&#x41F;-22-0473</subfield>
  </datafield>
  <datafield tag="035" ind1=" " ind2=" ">
    <subfield code="a">(NLR Aleph) 012779059</subfield>
  </datafield>
  <datafield tag="035" ind1=" " ind2=" ">
    <subfield code="a">(RuMoRGB)010969342</subfield>
  </datafield>
  <datafield tag="090" ind1=" " ind2=" ">
    <subfield code="a">13117234</subfield>
    <subfield code="c">13117234</subfield>
  </datafield>
  <datafield tag="100" ind1=" " ind2=" ">
    <subfield code="a">20220504d2021    k  y0rusy50      ca</subfield>
  </datafield>
  <datafield tag="101" ind1="0" ind2=" ">
    <subfield code="a">rus</subfield>
    <subfield code="a">mul</subfield>
  </datafield>
  <datafield tag="102" ind1=" " ind2=" ">
    <subfield code="a">RU</subfield>
  </datafield>
  <datafield tag="105" ind1=" " ind2=" ">
    <subfield code="a">a   z   000zy</subfield>
  </datafield>
  <datafield tag="200" ind1="0" ind2=" ">
    <subfield code="a">&#x422;. 2</subfield>
  </datafield>
  <datafield tag="210" ind1=" " ind2=" ">
    <subfield code="d">2021</subfield>
  </datafield>
  <datafield tag="215" ind1=" " ind2=" ">
    <subfield code="a">291 &#x441;.</subfield>
    <subfield code="c">&#x438;&#x43B;., &#x446;&#x432;. &#x438;&#x43B;.</subfield>
  </datafield>
  <datafield tag="300" ind1=" " ind2=" ">
    <subfield code="a">&#x422;&#x435;&#x43A;&#x441;&#x442; &#x440;&#x443;&#x441;., &#x430;&#x43D;&#x433;&#x43B;., &#x430;&#x440;&#x430;&#x431;., &#x442;&#x430;&#x442;&#x430;&#x440;.</subfield>
  </datafield>
  <datafield tag="320" ind1=" " ind2=" ">
    <subfield code="a">&#x411;&#x438;&#x431;&#x43B;&#x438;&#x43E;&#x433;&#x440;. &#x432; &#x43A;&#x43E;&#x43D;&#x446;&#x435; &#x441;&#x442;. &#x438; &#x432; &#x43F;&#x43E;&#x434;&#x441;&#x442;&#x440;&#x43E;&#x447;. &#x43F;&#x440;&#x438;&#x43C;&#x435;&#x447;.</subfield>
  </datafield>
  <datafield tag="327" ind1="1" ind2=" ">
    <subfield code="a">&#x412; &#x441;&#x431;. &#x432;&#x43A;&#x43B;&#x44E;&#x447;&#x435;&#x43D;&#x44B; &#x43C;&#x430;&#x442;&#x435;&#x440;&#x438;&#x430;&#x43B;&#x44B; &#x43A;&#x43E;&#x43D;&#x444;&#x435;&#x440;&#x435;&#x43D;&#x446;&#x438;&#x438; &#x438; &#x43A;&#x440;&#x443;&#x433;&#x43B;&#x43E;&#x433;&#x43E; &#x441;&#x442;&#x43E;&#x43B;&#x430;, &#x43F;&#x440;&#x43E;&#x445;&#x43E;&#x434;&#x438;&#x432;&#x448;&#x438;&#x445; &#x432; &#x440;&#x430;&#x43C;&#x43A;&#x430;&#x445; &#x444;&#x43E;&#x440;&#x443;&#x43C;&#x430;, &#x437;&#x430;&#x433;&#x43B;. &#x43A;&#x43E;&#x442;&#x43E;&#x440;&#x44B;&#x445; &#x443;&#x43A;&#x430;&#x437;&#x430;&#x43D;&#x44B; &#x432; &#x442;&#x435;&#x43A;&#x441;&#x442;&#x435;, &#x438; &#x43E;&#x442;&#x43E;&#x431;&#x440;&#x430;&#x436;&#x435;&#x43D;&#x44B; &#x432; &#x434;&#x43E;&#x431;&#x430;&#x432;&#x43E;&#x447;&#x43D;&#x44B;&#x445; &#x437;&#x430;&#x43F;&#x438;&#x441;&#x44F;&#x445; &#x43A;&#x43E;&#x43B;. &#x430;&#x432;&#x442;.</subfield>
  </datafield>
  <datafield tag="461" ind1=" " ind2="0">
    <subfield code="1">001RU\NLR\BIBL_A\012779038</subfield>
    <subfield code="1">2001#$aII &#x41C;&#x435;&#x436;&#x434;&#x443;&#x43D;&#x430;&#x440;&#x43E;&#x434;&#x43D;&#x44B;&#x439; &#x444;&#x43E;&#x440;&#x43C;&#x443; "&#x411;&#x43E;&#x433;&#x43E;&#x441;&#x43B;&#x43E;&#x432;&#x441;&#x43A;&#x43E;&#x435; &#x43D;&#x430;&#x441;&#x43B;&#x435;&#x434;&#x438;&#x435; &#x43C;&#x443;&#x441;&#x443;&#x43B;&#x44C;&#x43C;&#x430;&#x43D; &#x420;&#x43E;&#x441;&#x441;&#x438;&#x438;"$e&#x441;&#x431;&#x43E;&#x440;&#x43D;&#x438;&#x43A; &#x43D;&#x430;&#x443;&#x447;&#x43D;&#x44B;&#x445; &#x434;&#x43E;&#x43A;&#x43B;&#x430;&#x434;&#x43E;&#x432; &#x43A;&#x43E;&#x43D;&#x444;&#x435;&#x440;&#x435;&#x43D;&#x446;&#x438;&#x438;, 25-30 &#x43E;&#x43A;&#x442;&#x44F;&#x431;&#x440;&#x44F; 2020 &#x433;&#x43E;&#x434;&#x430;, &#x433;. &#x411;&#x43E;&#x43B;&#x433;&#x430;&#x440;$f&#x411;&#x43E;&#x43B;&#x433;&#x430;&#x440;&#x441;&#x43A;&#x430;&#x44F; &#x418;&#x441;&#x43B;&#x430;&#x43C;&#x441;&#x43A;&#x430;&#x44F; &#x430;&#x43A;&#x430;&#x434;&#x435;&#x43C;&#x438;&#x44F;$v&#x422;. 2</subfield>
    <subfield code="9">13117177</subfield>
    <subfield code="a">"&#x411;&#x43E;&#x433;&#x43E;&#x441;&#x43B;&#x43E;&#x432;&#x441;&#x43A;&#x43E;&#x435; &#x43D;&#x430;&#x441;&#x43B;&#x435;&#x434;&#x438;&#x435; &#x43C;&#x443;&#x441;&#x443;&#x43B;&#x44C;&#x43C;&#x430;&#x43D; &#x420;&#x43E;&#x441;&#x441;&#x438;&#x438;", &#x43C;&#x435;&#x436;&#x434;&#x443;&#x43D;&#x430;&#x440;&#x43E;&#x434;&#x43D;&#x44B;&#x439; &#x444;&#x43E;&#x440;&#x443;&#x43C; (2 ; 2020 ; &#x411;&#x43E;&#x43B;&#x433;&#x430;&#x440;)</subfield>
    <subfield code="c">&#x41A;&#x430;&#x437;&#x430;&#x43D;&#x44C;</subfield>
    <subfield code="d">2021</subfield>
    <subfield code="f">&#x411;&#x43E;&#x43B;&#x433;&#x430;&#x440;&#x441;&#x43A;&#x430;&#x44F; &#x418;&#x441;&#x43B;&#x430;&#x43C;&#x441;&#x43A;&#x430;&#x44F; &#x430;&#x43A;&#x430;&#x434;&#x435;&#x43C;&#x438;&#x44F;</subfield>
    <subfield code="n">&#x41C;&#x435;&#x414;&#x414;&#x43E;&#x41A;</subfield>
    <subfield code="o">&#x441;&#x431;&#x43E;&#x440;&#x43D;&#x438;&#x43A; &#x43D;&#x430;&#x443;&#x447;&#x43D;&#x44B;&#x445; &#x434;&#x43E;&#x43A;&#x43B;&#x430;&#x434;&#x43E;&#x432; &#x43A;&#x43E;&#x43D;&#x444;&#x435;&#x440;&#x435;&#x43D;&#x446;&#x438;&#x438;, 25-30 &#x43E;&#x43A;&#x442;&#x44F;&#x431;&#x440;&#x44F; 2020 &#x433;&#x43E;&#x434;&#x430;, &#x433;. &#x411;&#x43E;&#x43B;&#x433;&#x430;&#x440;</subfield>
    <subfield code="t">II &#x41C;&#x435;&#x436;&#x434;&#x443;&#x43D;&#x430;&#x440;&#x43E;&#x434;&#x43D;&#x44B;&#x439; &#x444;&#x43E;&#x440;&#x443;&#x43C; "&#x411;&#x43E;&#x433;&#x43E;&#x441;&#x43B;&#x43E;&#x432;&#x441;&#x43A;&#x43E;&#x435; &#x43D;&#x430;&#x441;&#x43B;&#x435;&#x434;&#x438;&#x435; &#x43C;&#x443;&#x441;&#x443;&#x43B;&#x44C;&#x43C;&#x430;&#x43D; &#x420;&#x43E;&#x441;&#x441;&#x438;&#x438;"</subfield>
    <subfield code="v">&#x422;. 2</subfield>
  </datafield>
  <datafield tag="711" ind1="1" ind2="2">
    <subfield code="a">"&#x424;&#x43E;&#x440;&#x43C;&#x438;&#x440;&#x43E;&#x432;&#x430;&#x43D;&#x438;&#x435; &#x433;&#x440;&#x430;&#x436;&#x434;&#x430;&#x43D;&#x441;&#x43A;&#x43E;&#x439; &#x438;&#x434;&#x435;&#x43D;&#x442;&#x438;&#x447;&#x43D;&#x43E;&#x441;&#x442;&#x438; &#x43C;&#x443;&#x441;&#x443;&#x43B;&#x44C;&#x43C;&#x430;&#x43D;&#x441;&#x43A;&#x43E;&#x439; &#x43C;&#x43E;&#x43B;&#x43E;&#x434;&#x435;&#x436;&#x438; &#x432; &#x420;&#x43E;&#x441;&#x441;&#x438;&#x438; &#x438; &#x437;&#x430; &#x440;&#x443;&#x431;&#x435;&#x436;&#x43E;&#x43C;", &#x43C;&#x435;&#x436;&#x434;&#x443;&#x43D;&#x430;&#x440;&#x43E;&#x434;&#x43D;&#x430;&#x44F; &#x441;&#x442;&#x443;&#x434;&#x435;&#x43D;&#x447;&#x435;&#x441;&#x43A;&#x430;&#x44F; &#x43D;&#x430;&#x443;&#x447;&#x43D;&#x43E;-&#x43F;&#x440;&#x430;&#x43A;&#x442;&#x438;&#x447;&#x435;&#x441;&#x43A;&#x430;&#x44F; &#x43A;&#x43E;&#x43D;&#x444;&#x435;&#x440;&#x435;&#x43D;&#x446;&#x438;&#x44F;</subfield>
    <subfield code="d">2</subfield>
    <subfield code="e">&#x411;&#x43E;&#x43B;&#x433;&#x430;&#x440;</subfield>
    <subfield code="f">2020</subfield>
    <subfield code="9">797359</subfield>
    <subfield code="3">RU\NLR\AUTH\880565187</subfield>
  </datafield>
  <datafield tag="711" ind1="1" ind2="2">
    <subfield code="a">"&#x422;&#x435;&#x43E;&#x43B;&#x43E;&#x433;&#x438;&#x447;&#x435;&#x441;&#x43A;&#x43E;&#x435; &#x43E;&#x431;&#x440;&#x430;&#x437;&#x43E;&#x432;&#x430;&#x43D;&#x438;&#x435; &#x43A;&#x430;&#x43A; &#x444;&#x430;&#x43A;&#x442;&#x43E;&#x440; &#x444;&#x43E;&#x440;&#x43C;&#x438;&#x440;&#x43E;&#x432;&#x430;&#x43D;&#x438;&#x44F; &#x433;&#x440;&#x430;&#x436;&#x434;&#x430;&#x43D;&#x441;&#x43A;&#x43E;&#x439; &#x438;&#x434;&#x435;&#x43D;&#x442;&#x438;&#x447;&#x43D;&#x43E;&#x441;&#x442;&#x438;", &#x43A;&#x440;&#x443;&#x433;&#x43B;&#x44B;&#x439; &#x441;&#x442;&#x43E;&#x43B;</subfield>
    <subfield code="e">&#x411;&#x43E;&#x43B;&#x433;&#x430;&#x440;</subfield>
    <subfield code="f">2020</subfield>
    <subfield code="9">797363</subfield>
    <subfield code="3">RU\NLR\AUTH\880565190</subfield>
  </datafield>
  <datafield tag="852" ind1=" " ind2=" ">
    <subfield code="a">NLR</subfield>
    <subfield code="b">&#x41E;&#x41D;&#x41B;</subfield>
    <subfield code="j">&#x422;&#x430;&#x442;&#x430;&#x440;./3-15464</subfield>
  </datafield>
  <datafield tag="942" ind1=" " ind2=" ">
    <subfield code="c">BOOK</subfield>
  </datafield>
  <datafield tag="980" ind1=" " ind2=" ">
    <subfield code="a">NB</subfield>
  </datafield>
  <datafield tag="995" ind1=" " ind2=" ">
    <subfield code="5">2022-05-04</subfield>
    <subfield code="a">ad</subfield>
    <subfield code="b">NLR01</subfield>
    <subfield code="c">NLR01</subfield>
    <subfield code="e">ONL</subfield>
    <subfield code="f">1-3783377</subfield>
    <subfield code="k">&#x41E;&#x41D;&#x41B; &#x422;&#x430;&#x442;&#x430;&#x440;./3-15464</subfield>
    <subfield code="o">0</subfield>
    <subfield code="r">BOOK</subfield>
    <subfield code="s">_315464</subfield>
  </datafield>
  <datafield tag="995" ind1=" " ind2=" ">
    <subfield code="5">2022-05-04</subfield>
    <subfield code="a">ad</subfield>
    <subfield code="b">NLR01</subfield>
    <subfield code="c">NLR01</subfield>
    <subfield code="e">OBM</subfield>
    <subfield code="f">1-3783381</subfield>
    <subfield code="o">0</subfield>
    <subfield code="r">BOOK</subfield>
  </datafield>
</record>
